Gráficas y ecuaciones empíricas : (Record no. 26343)

MARC details
000 -CABECERA
campo de control de longitud fija 00674nam a2200205 a 4500
005 - FECHA Y HORA DE LA ÚLTIMA TRANSACCIÓN
campo de control 20210219151041.0
008 - ELEMENTOS DE LONGITUD FIJA--INFORMACIÓN GENERAL
campo de control de longitud fija 991125c1998 mx 000 0 spa u
020 ## - NÚMERO INTERNACIONAL NORMALIZADO PARA LIBROS
Número Internacional Estándar del Libro 9681826868
035 ## - NÚMERO DE CONTROL DEL SISTEMA
Número de control de sistema UPN01000026343
049 ## - COLECCIÓN
Colección CG
050 #4 - SIGNATURA TOPOGRÁFICA DE LA BIBLIOTECA DEL CONGRESO
Número de clasificación QA90 G63
100 1# - ASIENTO PRINCIPAL--NOMBRE PERSONAL
Nombre de persona González Menéndez, Juan Américo
245 10 - MENCIÓN DE TÍTULO
Título Gráficas y ecuaciones empíricas :
Resto del título análisis e interpretación de datos experimentales /
Mención de responsabilidad, etc. Juan Américo González Menéndez, J. C. Miguel Núñez Cabrera
260 ## - PUBLICACIÓN, DISTRIBUCIÓN, ETC.
Lugar de publicación, distribución, etc. México :
Nombre del editor, distribuidor, etc. Limusa,
Fecha de publicación, distribución, etc. 1998
300 ## - DESCRIPCIÓN FÍSICA
Extensión 148 p. :
Otras características físicas gráfs.
650 #4 - ASIENTO SECUNDARIO DE MATERIA - TERMINO TEMATICO
Término de materia o nombre geográfico como elemento de entrada METODOS GRAFICOS
700 2# - ASIENTO SECUNDARIO--NOMBRE DE PERSONAL
Nombre de persona Núñez Cabrera, J. C. Miguel,
Término indicativo de función/relación coaut.
904 ## - ELEMENTOS DE DATOS D LOCAL, LDD (RLIN)
a AC
b 026344
905 ## - TIPO DE MATERIAL
Tipo de material Libro
Holdings
Estado de retiro Estado de pérdida Fuente del sistema de clasificación o colocación Estado dañado No para préstamo Código de colección Localización permanente Ubicación/localización actual Ubicación en estantería Enumeración/cronología de publicación seriada Total de préstamos Clasificación Código de barras Fecha visto por última vez Número de copia Tipo de ítem Koha
    Library of Congress Classification     Colección General Bib. Gregorio Torres Quintero Bib. Gregorio Torres Quintero Planta baja -   QA90 G63 151521 31/12/2020 1 Libro
    Library of Congress Classification     Colección General Bib. Gregorio Torres Quintero Bib. Gregorio Torres Quintero Planta baja - 1 QA90 G63 151522 31/12/2020 1 Libro